| 000 | 00350nam a2200121 4500 | ||
|---|---|---|---|
| 999 |
_c12357 _d12357 |
||
| 008 | 190123b ||||| |||| 00| 0 eng d | ||
| 100 |
_934878 _aMorrell, Adam B. |
||
| 245 |
_aDavao 3rd overall in national prisaa/ _cAdam B. Morrell |
||
| 260 |
_aDavao City _bSun Star Davao _cc2018 |
||
| 300 | _apage 18. | ||
| 650 | 0 |
_934885 _aSports. |
|
| 942 |
_2ddc _cPER |
||